000 00804cab a2200229 4500
001 X96147
008 090401t1999 xxu||||| |||| 00| 0 eng d
035 _a(Sirsi) u90784
041 _aeng
245 _aBernard John Panton and Allan Wentworth Farmer v SoS for the Environment
260 _c1999
350 _a0
490 _aEstates Gazette
_v[1999] 1 PLR 92
520 _aQB 16 December 1998. Lawful development certificate. A restatement of the law, setting out the steps to be followed to establish a lawful use. Headnote from journal - no photocopying allowed.
650 _aCHANGES OF USE
650 _aLAWFUL DEVELOPMENT CERTIFICATES
650 _aLAWFUL USE
650 _aMATERIAL CHANGE OF USE
690 _aPROPERTY LAW AND PRACTICE-CASE LAW
942 _n0
948 _c19/01/1999
999 _c57577
_d57577